| 000 | 00670nam a2200229 a 4500 | ||
|---|---|---|---|
| 999 |
_c2875 _d2875 |
||
| 001 | 2875 | ||
| 003 | BD-JhCC | ||
| 005 | 20171107191447.0 | ||
| 008 | 171107s2002 bg |||| ||a| 000 0 ben d | ||
| 020 | _a9844102898 | ||
| 035 | _a(BD-JhCC) 2875 | ||
| 040 |
_aBD-JhCC _dBD-JhCC |
||
| 041 | _aben | ||
| 082 |
_a891.4435 _bALO 2002 |
||
| 100 | _aআলম, মশিউর | ||
| 245 |
_aমাংসের কারবার / _c মশিউর আলম |
||
| 260 |
_aঢাকা : _bমাওলা ব্রাদ্রার্স ঢাকা , _c2002 |
||
| 300 |
_a126 p .: _c22 cm . |
||
| 650 | _aCollection short stories | ||
| 942 |
_2ddc _cBK |
||